000 02899nam a22003617a 4500
003 Ost
005 20220211123218.0
007 ta
008 210409e2017 dr ||||erb||| 001 0bspa d
020 _a9789945089912
040 _aDO-SdBNP
_bspa
_cBNPHU
041 _hspa
082 4 _a972.93054
_bJ96g
_222
100 1 _aJusto Duarte, Amado
_978355
245 1 3 _aEl gobierno de Bosch, el triunvirato, la guerra civil y la intervención norteamericana de 1965 /
_bAmaury Justo Duarte.
260 _aSanto Domingo :
_bSantuario,
_c2017.
300 _a362 p. ;
_c21 cm.
500 _aIncluye índice onomástico,
500 _aIncluye referencias bibliográficas y notas al pie de las páginas
500 _aIncluye datos biográficos del autor en la solapa de la cubierta
504 _aBibliografía : p. 353-356
505 1 _aPresentación.--
505 1 _aPrimera parte
_tEl gobierno de Juan Bosch :
_tIntroducción
_tCapítulo I
_uEl gobierno de Bosch y la nueva situación política.--
_tCapítulo II:
_uLos conservadores en la oposición.--
_tCapítulo III :
_uLa pequeña burguesía y las luchas políticas.--
_tCapítulo IV :
_uLa situación en la zona del Caribe.-
_uLa política exterior del gobierno norteamericano para la República Dominicana-
_tCapítulo V :
_uDel 27 de febrero al 17 de julio de 1963 : un gobierno sin perspectivas.-
_tCapítulo VI :
_uDel 17 de julio al 25 de septiembre de 1963: el golpe de García a un poder moribundo.-
505 1 _aSegunda parte :
_tEl triunvirato.-
_tCapítulo VII :
_uEl triunvirato: un engendro de la fracción cívica.-
_tCapítulo VIII :
_uLas fuerzas políticas de la oposición.-
_tCapítulo IX :
_uLa pequeña burguesía ante la ofensiva de la reacción.-
_tCapítulo X :
_uDel 25 de septiembre al 21 de diciembre de 1963: las premisas políticas de la consolidación del triunvirato.-
_tCapítulo XI :
_uDe diciembre de 1963 a enero de 1965: el poder cívico al desnudo.-
_tCapítulo XII :
_uDe enero a abril 1965: al pacto de Río Piedras.
_uLas bases materiales de la crisis..-
_tCapítulo XIII :
_uLos objetivos de los grupos políticos a la víspera de la insurrección de abril.-
_tCapítulo XIV :
_uEl derrocamiento del triunvirato.-
505 1 _aTercera parte :
_tGuerra civil.-
_tCapítulo XV :
_uDel 25 al 28 de abril: la ruptura del frente anticívico y la instauración de un doble poder.-
_tCapítulo XVI :
_uDel 27 al 28 de abril: el colapso de las fuerzas militares reaccionarias.-
505 1 _aCuarta parte :
_tCapítulo XVII :
_uLa intervención norteamericana: el fin de las ilusiones.-
505 1 _aSignificado de los términos sociológicos utilizados en el presente libro.-
590 _aInventariado, 2021/MFF
651 4 _aRepública Dominicana
_xHistoria
_yRevolución, 1965
_92167
651 4 _aRepública Dominicana
_xPolítica y gobierno
_xHistoria
_91212
910 _aValidado. Control de calidad MFF
942 _2ddc
_cLBS1
999 _c49715
_d49715